Stratégia celoživotného vzdelávania a celoživotného poradenstva do roku 2015
Systém celoživotného vzdelávania - prvky, nástroje a vnútorné vzťahy. Kvalita celoživotného vzdelávania. Hlavné úlohy národnej autority. Návrh systému celoživotného poradenstva. Opatrenia na realizáciu stratégie CŽV a CŽP a dopad tejto stratégie na cieľové skupiny.
Saved in:
| Format: | Book Chapter |
|---|---|
| Language: | Slovak |
| Subjects: | |
| Tags: |
No Tags, Be the first to tag this record!
|
MARC
| LEADER | 00000naa$a2200000$$$4500 | ||
|---|---|---|---|
| 001 | 0075224 | ||
| 005 | 20230918125705.1 | ||
| 041 | 0 | |a slo | |
| 044 | |a SK | ||
| 245 | 1 | 0 | |a Stratégia celoživotného vzdelávania a celoživotného poradenstva do roku 2015 |
| 520 | |a Systém celoživotného vzdelávania - prvky, nástroje a vnútorné vzťahy. Kvalita celoživotného vzdelávania. Hlavné úlohy národnej autority. Návrh systému celoživotného poradenstva. Opatrenia na realizáciu stratégie CŽV a CŽP a dopad tejto stratégie na cieľové skupiny. | ||
| 610 | 2 | 0 | |a vzdelávanie celoživotné |
| 610 | 2 | 0 | |a poradenstvo |
| 610 | 2 | 0 | |a systémy informačné |
| 610 | 2 | 0 | |a kvalifikácia |
| 610 | 2 | 0 | |a financovanie |
| 610 | 2 | 0 | |a autorita národná |